| 000 | 00416pab a2200133 454500 | ||
|---|---|---|---|
| 008 | 180718b xxu||||| |||| 00| 0 eng d | ||
| 100 | _aBarth Thomas J. | ||
| 245 | _aThe public interest and administrative discretion | ||
| 362 | _a22(4), Dec 92, p.289-300 | ||
| 650 | _a Administrative Discretion -- U.S.A. | ||
| 650 | _aPublic Interest -- U.S.A. | ||
| 773 | _aAmerican Review of Public Administration | ||
| 909 | _a27568 | ||
| 999 |
_c27568 _d27568 |
||